KOHA-Header-6

Bagh-w-Bahar (Record no. 9028)

000 -LEADER
fixed length control field 00243nam a2200109Ia 4500
100 ## - MAIN ENTRY--AUTHOR NAME
Personal name Mir Aman
245 #0 - TITLE STATEMENT
Title Bagh-w-Bahar
260 ## - PUBLICATION, DISTRIBUTION, ETC. (IMPRINT)
Place of publication Lahore
Name of publisher Sang-e-Meel
Year of publication 2009
300 ## - PHYSICAL DESCRIPTION
Number of Pages 1073
942 ## - ADDED ENTRY ELEMENTS (KOHA)
Koha item type Books
Holdings
Withdrawn status Lost status Collection code Permanent Location Current Location Shelving location Date acquired Full call number Accession Number Koha item type
    Urdu Literature MAJU MAJU   2019-09-14 891.439 4313 Urdu Literature

Powered by Koha